Молодые ученые - агропромышленному производству Дальнего Востока (Запись № 490700)

Подробности
000 -МАРКЕР
контрольное поле 02346nam0a2200421 4500
001 - ИДЕНТИФИКАТОР ЗАПИСИ
контрольное поле RU\NLR\bibl\998546
005 - ИДЕНТИФИКАТОР ВЕРСИИ
контрольное поле 20260406134637.0
010 ## - МЕЖДУНАРОДНЫЙ СТАНДАРТНЫЙ НОМЕР КНИГИ (ISBN)
Номер (ISBN) 5-8044-0600-0
021 ## - НОМЕР ГОСУДАРСТВЕННОЙ РЕГИСТРАЦИИ
Код страны Российская Федерация
Номер 2006-51597
Номер Листа государственной регистраци 2545
035 ## - ДРУГИЕ СИСТЕМНЫЕ НОМЕРА
Идентификатор записи (nilc)RSL-KNO-002926928
035 ## - ДРУГИЕ СИСТЕМНЫЕ НОМЕРА
Идентификатор записи (NLR Aleph) 000986288
100 ## - ДАННЫЕ ОБЩЕЙ ОБРАБОТКИ
Данные общей обработки 20060906d2006 |||y0rusy50 ca
101 0# - ЯЗЫК РЕСУРСА
Язык текста, звукозаписи и т.д. русский
102 ## - СТРАНА ПУБЛИКАЦИИ ИЛИ ПРОИЗВОДСТВА
Страна публикации Российская Федерация
105 ## - ПОЛЕ КОДИРОВАННЫХ ДАННЫХ: ТЕКСТОВЫЕ МАТЕРИАЛЫ, МОНОГРАФИЧЕСКИЕ
Кодированные данные о монографическом текстовом документе a |||||||||
106 ## - ПОЛЕ КОДИРОВАННЫХ ДАННЫХ: ТЕКСТОВЫЕ РЕСУРСЫ – ФОРМА
Форма ресурса: кодированные данные: обозначение носителя r
200 1# - ЗАГЛАВИЕ И СВЕДЕНИЯ ОБ ОТВЕТСТВЕННОСТИ
Основное заглавие Молодые ученые - агропромышленному производству Дальнего Востока
Сведения, относящиеся к заглавию сборник научных трудов молодых ученых
Первые сведения об ответственности Российская акад. с.-х. наук, Дальневосточный науч.-методический центр, Гос. науч. учреждение Приморский науч.-исследовательский ин-т сельского хоз-ва
Последующие сведения об ответственности [редкол.: А.К. Чайка (отв. ред.) и др.]
210 ## - ПУБЛИКАЦИЯ, РАСПРОСТРАНЕНИЕ И ДР.
Место издания, распространения и т.д. Владивосток
Имя издателя, распространителя и т. д. Дальнаука
Дата издания, распространения и т.д. 2006
215 ## - ФИЗИЧЕСКАЯ ХАРАКТЕРИСТИКА
Специфическое обозначение материала и объем 232, [1] с.
Другие сведения о физической характеристике ил., табл.
Размеры 24
320 ## - ПРИМЕЧАНИЯ О НАЛИЧИИ В ДОКУМЕНТЕ БИБЛИОГРАФИИ / УКАЗАТЕЛЯ
Текст примечания Библиогр. в конце ст.
606 1# - НАИМЕНОВАНИЕ ТЕМЫ КАК ПРЕДМЕТ
Наименование темы Сельское хозяйство
Формальный подзаголовок Сборники
Географический подзаголовок Российская Федерация
-- Дальний Восток
Системный номер авторитетной/нормативной записи 2125584
Идентификатор авторитетной/нормативной записи RU\NLR\auth\661283044
610 0# - НЕКОНТРОЛИРУЕМЫЕ ПРЕДМЕТНЫЕ ТЕРМИНЫ
Предметный термин Сельское и лесное хозяйство. Сельскохозяйственные и лесохозяйственные науки -- Сборник
610 0# - НЕКОНТРОЛИРУЕМЫЕ ПРЕДМЕТНЫЕ ТЕРМИНЫ
Предметный термин Сельское и лесное хозяйство. Сельскохозяйственные и лесохозяйственные науки -- Российская Федерация -- Дальний Восток -- Сборник
686 ## - ИНДЕКСЫ ДРУГИХ КЛАССИФИКАЦИЙ
Индекс П.я43
Код системы
686 ## - ИНДЕКСЫ ДРУГИХ КЛАССИФИКАЦИЙ
Индекс П9(2Р55)я43,0
Код системы
686 ## - ИНДЕКСЫ ДРУГИХ КЛАССИФИКАЦИЙ
Индекс П9(2Р55)я43
702 #1 - ИМЯ ЛИЦА - ВТОРИЧНАЯ ОТВЕТСТВЕННОСТЬ
Начальный элемент ввода Чайка
Часть имени, кроме начального элемента ввода А. К.
Расширение инициалов личного имени Анатолий Климентьевич
Код отношения Редактор
712 02 - НАИМЕНОВАНИЕ ОРГАНИЗАЦИИ - ВТОРИЧНАЯ ОТВЕТСТВЕННОСТЬ
Код отношения Прочие
Начальный элемент ввода Приморский НИИ сельского хозяйства
Идентифицирующий признак пос. Тимирязевский, Приморский край
Системный номер авторитетной/нормативной записи 331480
Идентификатор авторитетной/нормативной записи RU\NLR\AUTH\889917663
801 #0 - ИСТОЧНИК ЗАПИСИ
Страна Российская Федерация
Организация РКП
Дата составления 20060906
Правила каталогизации rcr
801 #1 - ИСТОЧНИК ЗАПИСИ
Страна Российская Федерация
Организация РГБ
Дата составления 20060906
801 #2 - ИСТОЧНИК ЗАПИСИ
Страна Российская Федерация
Организация NLR
Дата составления 20061018
Правила каталогизации rcr
830 ## - ОБЩЕЕ ПРИМЕЧАНИЕ, СОСТАВЛЕННОЕ КАТАЛОГИЗАТОРОМ
Текст примечания по ЭК
942 ## - ДОПОЛНИТЕЛЬНЫЕ ЭЛЕМЕНТЫ ЗАПИСИ (АБИС)
Тип экземпляра АБИС Книга
980 ## - КОЛЛЕКЦИЯ
Название коллекции Национальная библиография
980 ## - КОЛЛЕКЦИЯ
Название коллекции НБР
Экземпляры
Тип экземпляра Дата поступления Источник поступления Библиотека постоянного хранения Библиотека текущего хранения Место хранения Шифр хранения Штрих-код Статус экземпляра
Книга 18.10.2006 Обязательный экземпляр РНБ (Московский) РНБ (Московский) Русский книжный фонд: издания с 1957 года 2006-7/5081 2281908  
Книга 18.10.2006 Обязательный экземпляр РНБ (Московский) РНБ (Московский) Русский книжный фонд: издания с 1957 года 2006-7/5081 2281909